书目信息 |
| 题名: |
数值分析基础教程
|
|
| 作者: | 李庆扬 编 | |
| 分册: | ||
| 出版信息: | 北京 高等教育出版社 2001.05 |
|
| 页数: | 138页 | |
| 开本: | 24cm | |
| 丛书名: | 高等学校研究生系列教材 | |
| 单 册: | ||
| 中图分类: | O241 | |
| 科图分类: | ||
| 主题词: | 数值计算--shu zhi ji suan--研究生--教材 | |
| 电子资源: | ||
| ISBN: | 7-04-009850-4 | |
| 000 | 01026nam 2200301 450 | |
| 001 | CAL 012001433469 | |
| 005 | 20050701090602.12 | |
| 010 | @a7-04-009850-4@dCNY 14.60 | |
| 099 | @aCAL 012001433469 | |
| 100 | @a20010725d2001 ekmy0chiy0110 ea | |
| 101 | 0 | @achi |
| 102 | @aCN@b110000 | |
| 105 | @aak ao 000yy | |
| 200 | 1 | @a数值分析基础教程@Ashu zhi fen xi ji chu jiao cheng@f李庆扬编 |
| 210 | @a北京@c高等教育出版社@d2001.05 | |
| 215 | @a138页@c图@d24cm | |
| 225 | 2 | @a高等学校研究生系列教材@Agao deng xue xiao yan jiu sheng xi lie jiao cai |
| 320 | @a有书目 (第138页) | |
| 330 | @a本书主要内容有:数值计算的误差、方程求根、解线性方程组的直接法与迭代法、插值与最小二乘法、数值积分、常微分方程数值解等。 | |
| 410 | 0 | @12001 @a高等学校研究生系列教材 |
| 606 | 0 | @a数值计算@Ashu zhi ji suan@x研究生@j教材 |
| 690 | @aO241@v4 | |
| 701 | 0 | @a李庆扬@Ali qing yang@4编 |
| 801 | 0 | @aCN@bNLC@c20050701 |
| 801 | 2 | @aCN@bTSU@c20011128 |
| 801 | 2 | @aCN@bNUL@c20011210 |
| 905 | @a10447@dO241@eL2302 | |
| 998 | @aTSU | |
| 数值分析基础教程/李庆扬编.-北京:高等教育出版社,2001.05 |
| 138页:图;24cm.-(高等学校研究生系列教材) |
| ISBN 7-04-009850-4:CNY 14.60 |
| 本书主要内容有:数值计算的误差、方程求根、解线性方程组的直接法与迭代法、插值与最小二乘法、数值积分、常微分方程数值解等。 |
| ● |
| 相关链接 |
|
|
|
正题名:数值分析基础教程
索取号:O241/L2302
 
预约/预借
| 序号 | 登录号 | 条形码 | 馆藏地/架位号 | 状态 | 备注 |
| 1 | 538445 | 205384458 | 自科库401/401自科库 49排2列1层/ [索取号:O241/L2302] | 在馆 | |
| 2 | 538446 | 205384467 | 自科库401/401自科库 49排2列1层/ [索取号:O241/L2302] | 在馆 | |
| 3 | 538447 | 205384476 | 自科库401/401自科库 49排2列1层/ [索取号:O241/L2302] | 在馆 |